01193nam a2200313Ia 4500001001200000003000800012006001900020007001500039008004100054020001800095020001800113040002100131035002100152043001200173050002500185100005400210245006400264260004900328300003500377440002400412504005100436533015200487650003100639650002000670655002900690710001700719856012600736999001700862ebr10622132CaPaEBRm u cr cn|||||||||080210s2008 nyuab sb 001 0 eng d z9781780429250 z9781844845583 aCaPaEBRcCaPaEBR a(OCoLC)823742465 ae-ru---14aN8189.R9bK66 2008eb1 aKondakov, N. P.q(Nikodim Pavlovich),d1844-1925.10aIconsh[electronic resource] /cNikodim Pavlovich Kondakov. aNew York :bParkstone International,cc2008. a255 p. :bcol. ill., col. map. 0aTemporis collection aIncludes bibliographical references and index. aElectronic reproduction.bPalo Alto, Calif. :cebrary,d2011.nAvailable via World Wide Web.nAccess may be limited to ebrary affiliated libraries. 0aIconszRussia (Federation) 0aIcons, Russian. 7aElectronic books.2local2 aebrary, Inc.40uhttp://site.ebrary.com/lib/rucke/Doc?id=10622132zAn electronic book accessible through the World Wide Web; click to view c56887d56887